Statystyki dla Biali Ludzie Na Czarnym Lądzie

Kliknij tutaj aby rozwiązać quiz!

Ogólne statystyki

  • Ten quiz został rozwiązany 176 razy
    (139 od ostatniego zresetowania)
  • Średni wynik to 6 z 9

Statystyki odpowiedzi

Populacja Białych LudziPaństwo% Poprawnych
4,625,000Republika Południowej Afryki
99%
100,000Maroko
87%
115,000Tunezja
73%
116,000Nigeria
66%
300,000Angola
57%
150,000Namibia
55%
50,000Senegal
52%
83,000Mozambik
49%
70,000Botswana
45%

Rozkład punktacji

Percentyl według liczby udzielonych odpowiedzi

Procent ludzi z każdym wynikiem

Twoja historia wyników

Nie rozwiązałeś tego quizu od ostatniego zresetowania